Digital protection: (Record no. 42639)
[ view plain ]
| 000 -LEADER | |
|---|---|
| fixed length control field | 00539nam a22001697a 4500 |
| 008 - FIXED-LENGTH DATA ELEMENTS--GENERAL INFORMATION | |
| fixed length control field | 230613b |||||||| |||| 00| 0 eng d |
| 020 ## - INTERNATIONAL STANDARD BOOK NUMBER | |
| International Standard Book Number | 81-224-0594-0 |
| 040 ## - CATALOGING SOURCE | |
| Original cataloging agency | National Science Library |
| Transcribing agency | National Science Library |
| 080 ## - UNIVERSAL DECIMAL CLASSIFICATION NUMBER | |
| Universal Decimal Classification number | 621.316 |
| Item number | N4 |
| 100 1# - MAIN ENTRY--PERSONAL NAME | |
| Personal name | Singh, L P |
| 9 (RLIN) | 11549 |
| 245 ## - TITLE STATEMENT | |
| Title | Digital protection: |
| Remainder of title | Protective relaying from electromechanical to microprocessor |
| 260 ## - PUBLICATION, DISTRIBUTION, ETC. | |
| Place of publication, distribution, etc. | New Delhi: |
| Name of publisher, distributor, etc. | Wiley Eastern Ltd, |
| Date of publication, distribution, etc. | 1994 |
| 300 ## - PHYSICAL DESCRIPTION | |
| Extent | xi, 231p. |
| 650 ## - SUBJECT ADDED ENTRY--TOPICAL TERM | |
| Topical term or geographic name entry element | Digital protection |
| 653 ## - INDEX TERM--UNCONTROLLED | |
| Uncontrolled term | Polyphase relays |
| 942 ## - ADDED ENTRY ELEMENTS (KOHA) | |
| Source of classification or shelving scheme | Universal Decimal Classification |
| Koha item type | Books |
| Withdrawn status | Lost status | Source of classification or shelving scheme | Damaged status | Not for loan | Home library | Current library | Shelving location | Date acquired | Total Checkouts | Full call number | Barcode | Date last seen | Price effective from | Koha item type |
|---|---|---|---|---|---|---|---|---|---|---|---|---|---|---|
| Universal Decimal Classification | National Science Library | National Science Library | GF/Rk-12/C-22/R-2 | 26/07/1994 | 621.316 N4 | 175007 | 13/06/2023 | 26/07/1994 | Books |